00360 2200157 4500001002100000005001500021020002200036035002000058082000800078084001400086100001400100245002800114260003600142300001200178990001200190INLIS00000000000175220250505022834 a978-623-91616-0-6 a0010-0525000044 a813 a813 RIA s0 aRia Ricis1 aSaya Pamit /cRia Ricis aCirebon :bKMO Indonesia,c2019 a212 hlm a0754615